Classical electricity and magnetism (Record no. 14424)

000 -LEADER
fixed length control field 00648nam a22002171 4500
001 - CONTROL NUMBER
control field 14424
003 - CONTROL NUMBER IDENTIFIER
control field BD-DhUET
008 - FIXED-LENGTH DATA ELEMENTS--GENERAL INFORMATION
fixed length control field 850122s1962 maua b 000 0 eng
040 ## - CATALOGING SOURCE
Original cataloging agency DLC/ICU
Transcribing agency DLC
Modifying agency BD-DhUET
082 00 - DEWEY DECIMAL CLASSIFICATION NUMBER
Classification number 537
Item number PAN/1962
100 1# - MAIN ENTRY--PERSONAL NAME
Personal name Panofsky, Wolfgang K. H.
245 10 - TITLE STATEMENT
Title Classical electricity and magnetism
250 ## - EDITION STATEMENT
Edition statement 2nd ed.
260 ## - PUBLICATION, DISTRIBUTION, ETC. (IMPRINT)
Place of publication, distribution, etc. Massachusetts
Name of publisher, distributor, etc. Addison-Wesley Publishing
Date of publication, distribution, etc. 1962
300 ## - PHYSICAL DESCRIPTION
Extent xiv, 494 p.
Other physical details illus
Dimensions 24 cm.
490 ## - SERIES STATEMENT
Series statement This book is an Addison-Wesley world student series edition
504 ## - BIBLIOGRAPHY, ETC. NOTE
Bibliography, etc Includes bibliographies
650 #0 - SUBJECT ADDED ENTRY--TOPICAL TERM
Topical term or geographic name as entry element Electricity and Magnetism
700 ## - ADDED ENTRY--PERSONAL NAME
Personal name Phillips, Melba
942 ## - ADDED ENTRY ELEMENTS (KOHA)
Koha item type General Book
Holdings
Koha normalized classification for sorting Source of classification or shelving scheme Not for loan Price effective from Koha item type Koha date last seen Sublocation or collection (holding branch) Piece designation (barcode) Withdrawn status Koha full call number Date acquired Shelving location Copy number Lost status Damaged status Location (home branch)
537_000000000000000_PAN_1962  2015-03-08General Book2015-03-08Central Library, BUET20043 537/PAN/19622015-03-08Circulation section1  Central Library, BUET
537_000000000000000_PAN_1962  2015-03-18General Book2015-03-18Central Library, BUET24866 537/PAN/19622015-03-18Circulation section2  Central Library, BUET
537_000000000000000_PAN_1962  2015-03-19General Book2015-03-19Central Library, BUET36800 537/PAN/19622015-03-19Circulation section3  Central Library, BUET
537_000000000000000_PAN_1962  2015-03-19General Book2015-03-19Central Library, BUET4477 537/PAN/19622015-03-19Circulation section4  Central Library, BUET
537_000000000000000_PAN_1962  2015-03-19General Book2015-03-19Central Library, BUET84667 537/PAN/19622015-03-19Circulation section5  Central Library, BUET